Central Library OPAC University of Rajshahi

Meeting the competitive challenge : (Record no. 14679)

MARC details
000 -LEADER
fixed length control field 00771nam a2200241 a 4500
001 - CONTROL NUMBER
control field 14679
003 - CONTROL NUMBER IDENTIFIER
rucl marc code BD-RjUL
005 - DATE AND TIME OF LATEST TRANSACTION
control field 20211208235654.0
008 - FIXED-LENGTH DATA ELEMENTS--GENERAL INFORMATION
fixed length control field 161220s1984 ilua b 001 0 eng
020 ## - INTERNATIONAL STANDARD BOOK NUMBER
International Standard Book Number 0870944657
International Standard Book Number 025603124X
035 ## - SYSTEM CONTROL NUMBER
System control number (BD-RjUL)14733
040 ## - CATALOGING SOURCE
Original cataloging agency DLC
Transcribing agency DLC
Modifying agency DLC
-- BD-RjUL
Language of cataloging eng
041 ## - LANGUAGE CODE
Language code of text/sound track or separate title eng
082 00 - DEWEY DECIMAL CLASSIFICATION NUMBER
Classification number 658.50973
Edition number 19
Author mark and year BUM 1984
100 1# - MAIN ENTRY--PERSONAL NAME
Personal name Buffa, Elwood Spencer,
Dates associated with a name 1923-
9 (RLIN) 45750
245 10 - TITLE STATEMENT
Title Meeting the competitive challenge :
Remainder of title Manufacturing strategy for U.S. companies /
Statement of responsibility, etc. Elwood S. Buffa.
260 ## - PUBLICATION, DISTRIBUTION, ETC. (IMPRINT)
Place of publication, distribution, etc. Homewood, Ill. :
Name of publisher, distributor, etc. Dow Jones-Irwin,
Date of publication, distribution, etc. c1984.
300 ## - PHYSICAL DESCRIPTION
Pagination xi, 190 p. :
Illustrations ill. ;
Size 24 cm.
504 ## - BIBLIOGRAPHY, ETC. NOTE
Bibliography, etc Bibliography: p. 177-179 and index.
650 #0 - SUBJECT ADDED ENTRY--TOPICAL TERM
Topical term or geographic name as entry element Production management
Geographic subdivision United States.
9 (RLIN) 45751
942 ## - ADDED ENTRY ELEMENTS (KOHA)
Source of classification or shelving scheme Dewey Decimal Classification
Koha item type Books
Holdings
Lost status Source of classification or shelving scheme Damaged status Not for loan Collection code Permanent Location Current Location Shelving location Date acquired Source of acquisition Total Checkouts Full call number Date last seen Copy number Koha item type
  Dewey Decimal Classification     Non-fiction Central Library, University of Rajshahi Central Library, University of Rajshahi   20/09/1997 Asia foundation   658.50973 BUM 1984 08/02/2014 C-3 Books
  Dewey Decimal Classification     Non-fiction Central Library, University of Rajshahi Central Library, University of Rajshahi   24/10/1992 Asia foundation   658.50973 BUM 1984 09/02/2014 C-2 Books
  Dewey Decimal Classification   Not For Loan Non-fiction Central Library, University of Rajshahi Central Library, University of Rajshahi Reading Room 24/10/1992     658.50973 BUM 1984 20/12/2016 C-1 Books